Roman Emperors born within the current borders of Serbia - Statistics

General Stats
  • This quiz has been taken 62 times
  • The average score is 5 of 17
Answer Stats
Reign Emperor % Correct
270-275 Aurelian
65%
306-337 Constantine I
50%
363-364 Jovian
46%
307-324 Licinius
46%
285-305 Maximianus Herculius
46%
293-311 Galerius
43%
375-383 Gratian
41%
276-282 Probus
41%
251 Hostilian
28%
350 Vetranio
24%
268-270 Claudius Gothicus
22%
249-251 Trajan Decius
17%
337-361 Constantinus II
9%
421 Constantinus III
7%
305-313 Maximinus II
7%
306-307 Flavius Severus
4%
293-306 Constantinus Chlorus
0%
No matching quizzes found
Score Distribution
Percent of People with Each Score
Percentile by Number Answered
Your Score History
You have not taken this quiz